Cuadernos de poesía hondureña 17 : antología /
Guardat en:
| Autor principal: | |
|---|---|
| Altres autors: | |
| Format: | Desconegut |
| Idioma: | Spanish |
| Publicat: |
Honduras
Secretaria de Cultura, Dirección General de Cultura
1991-
|
| Matèries: | |
| Etiquetes: |
Afegir etiqueta
Sense etiquetes, Sigues el primer a etiquetar aquest registre!
|
MARC
| LEADER | 000000000a22000000004500 | ||
|---|---|---|---|
| 001 | 002131 | ||
| 008 | 200109b xxu||||| |||| 00| 0 spa d | ||
| 041 | 0 | |a español | |
| 082 | |a Ho861.08 |b C961c | ||
| 100 | 1 | |a Barrera, Claudio |d 1912-1971 | |
| 245 | 1 | 0 | |a Cuadernos de poesía hondureña 17 : |b antología / |
| 260 | 1 | |a Honduras |b Secretaria de Cultura, Dirección General de Cultura |c 1991- | |
| 300 | |a volumenes | ||
| 500 | |a Título tomado de la cubierta | ||
| 650 | 4 | |a LITERATURA HONDUREÑA |9 50 | |
| 650 | 4 | |a POESIA |9 159 | |
| 700 | 1 | 2 | |a Ramírez Lozano, Llivio |e coordinador |
| 942 | |2 ddc |c BK | ||
| 999 | |c 3000 |d 3000 | ||
